书目信息 |
| 题名: |
“互联网+”时代下高校教育的创新与发展研究
|
|
| 作者: | 宋瑞莉 , 杨晓波 著 | |
| 分册: | ||
| 出版信息: | 哈尔滨 东北林业大学出版社 2018.08 |
|
| 页数: | 256页 | |
| 开本: | 23cm | |
| 丛书名: | ||
| 单 册: | ||
| 中图分类: | G649.21 | |
| 科图分类: | ||
| 主题词: | 高等教育--发展--研究--中国 | |
| 电子资源: | ||
| ISBN: | 978-7-5674-1540-9 | |
| 000 | 00944nam0 2200241 450 | |
| 001 | 0103152641 | |
| 005 | 20201103152729.0 | |
| 010 | @a978-7-5674-1540-9@dCNY75.00 | |
| 100 | @a20191225e20192018em y0chiy50 ea | |
| 101 | 0 | @achi |
| 102 | @aCN@b230000 | |
| 105 | @aa z 000yy | |
| 106 | @ar | |
| 200 | 1 | @a“互联网+”时代下高校教育的创新与发展研究@Ahu lian wang +shi dai xia gao jiao jiao yu de chuang xin yu fa zhan yan jiu@f宋瑞莉, 杨晓波著 |
| 210 | @a哈尔滨@c东北林业大学出版社@d2018.08@h2019.11 | |
| 215 | @a256页@c图@d23cm | |
| 330 | @a本书共八章,内容包括:“互联网+教育”时代的到来、“互联网十教育”的生存之路、“互联网十”时代的高校教育变革、“互联网+”时代高校学习资源的建设与发展、“互联网+教育”技术的创新等。 | |
| 606 | 0 | @a高等教育@x发展@x研究@y中国 |
| 690 | @aG649.21@v5 | |
| 701 | 0 | @a宋瑞莉@Asong rui li@4著 |
| 701 | 0 | @a杨晓波@Ayang xiao bo@4著 |
| 801 | 0 | @aCN@bBJSZM@c20201103 |
| 905 | @b1255046-50@dG649.21@e1668@f5 | |
| “互联网+”时代下高校教育的创新与发展研究/宋瑞莉, 杨晓波著.-哈尔滨:东北林业大学出版社,2018.08(2019.11) |
| 256页:图;23cm |
| ISBN 978-7-5674-1540-9:CNY75.00 |
| 本书共八章,内容包括:“互联网+教育”时代的到来、“互联网十教育”的生存之路、“互联网十”时代的高校教育变革、“互联网+”时代高校学习资源的建设与发展、“互联网+教育”技术的创新等。 |
| ● |
| 相关链接 |
|
|
|
|
正题名:"互联网+"时代下高校教育的创新与发展研究
索取号:G649.21/1668
 
预约/预借
| 序号 | 登录号 | 条形码 | 馆藏地/架位号 | 状态 | 备注 |
| 1 | 1255046 | 212550461 | 第一样本阅览室/ [索取号:G649.21/1668] | 在馆 | |
| 2 | 1255047 | 212550470 | 教育系资料室/ [索取号:G649.21/1668] | 在馆 | |
| 3 | 1255048 | 212550489 | 教育系资料室/ [索取号:G649.21/1668] | 在馆 | |
| 4 | 1255049 | 212550498 | 第四借阅区/ [索取号:G649.21/1668] | 在馆 | |
| 5 | 1255050 | 212550504 | 第四借阅区/ [索取号:G649.21/1668] | 在馆 |